LEADER 03056 am 22005773u 450 001 996309081703316 005 20231110225207.0 024 7 $a10.1515/9783110516371 035 $a(CKB)3800000000216570 035 $a(OAPEN)1000218 035 $a(DE-B1597)472948 035 $a(OCoLC)1002270540 035 $a(OCoLC)1002271093 035 $a(OCoLC)1013948613 035 $a(DE-B1597)9783110516371 035 $a(MiAaPQ)EBC5493957 035 $a(Au-PeEL)EBL5493957 035 $a(oapen)https://directory.doabooks.org/handle/20.500.12854/38588 035 $a(EXLCZ)993800000000216570 100 $a20190615d2017 fg 101 0 $aeng 135 $auuuuu---auuuu 181 $ctxt$2rdacontent 182 $cc$2rdamedia 183 $acr$2rdacarrier 200 10$aCommentary on the Gospels $eEnglish translation and introduction /$fFortunatianus Aquileiensis 210 $aBerlin/Boston$cDe Gruyter$d2017 210 1$aBerlin ;$aBoston : $cDe Gruyter, $d[2017] 210 4$d©2017 215 $a1 online resource (128) 225 0 $aCorpus Scriptorum Ecclesiasticorum Latinorum ;$v[Extra Seriem] 311 $a3-11-052420-1 311 $a3-11-051637-3 327 $tFrontmatter -- $tTranslator's Preface -- $tTable of Contents -- $tIntroduction -- $tBibliography -- $tTranslation: Fortunatianus of Aquileia, Commentary on the Gospels -- $tIndices 330 $aIn 2012, Lukas Dorfbauer identified a manuscript in Cologne Cathedral Library as a copy of the Commentary on the Gospels by Fortunatianus, bishop of Aquileia in the middle of the fourth century. This discovery enabled him to identify further witnesses to the commentary and works dependent on it. Dorfbauer's critical edition, to be published in the CSEL series in 2017, makes this work available to scholarship for the first time in over a millennium. The discovery of a new work from late antiquity is always a landmark in the history of research. This extensive commentary shines new light on fourth-century biblical interpretation and the exegetical practices and literary work of an African bishop ministering in north Italy in this period. What is more, it appears to be dependent on works by Origen and Victorinus of Poetovio which are no longer preserved. In order to make this important work available to a wider audience, Dr Houghton has prepared an English translation and introduction in conjunction with the COMPAUL project on the earliest commentaries on the New Testament as sources for the biblical text. 410 0$aCorpus Scriptorum Ecclesiasticorum Latinorum 606 $aChristianity$2bicssc 610 $aEnglish translation from Latin. 610 $aFortunatianus. 610 $acommentary. 610 $agospel. 615 7$aChristianity 676 $a230 700 $aFortunatianus Aquileiensis$0476560 701 $aHoughton$b H. A. G$0973806 801 0$bDE-B1597 801 1$bDE-B1597 906 $aBOOK 912 $a996309081703316 996 $aCommentary on the Gospels$92216314 997 $aUNISA LEADER 02651nam0 22005413i 450 001 BVE0063002 005 20251003044054.0 010 $a8879106120 100 $a20160531d1994 ||||0itac50 ba 101 | $aita 102 $ait 181 1$6z01$ai $bxxxe 182 1$6z01$an 183 1$6z01$anc$2RDAcarrier 200 1 $aDemocrazia economica$esindacato e impresa nella nuova contrattazione$fGianni Arrigo, Silvano Scajola, Pino Settimi 210 $aRoma$cEdizioni lavoro$d\1994! 215 $a202 p.$d21 cm. 225 | $aˆLe ‰guide$v5 410 0$1001VIA0043199$12001 $aˆLe ‰guide$v5 606 $aSindacati$xItalia$x1993$2FIR$3LO1C156052$9I 606 $aRelazioni industriali$xItalia$x1993$2FIR$3LO1C156053$9I 676 $a331.0945$9ECONOMIA DEL LAVORO. Italia$v21 676 $a331.8$9Sindacati, contrattazione e controversie collettive$v14 676 $a331.80945$9Economia del lavoro. Sindacati, contrattazione e controversie collettive. Italia.$v19 676 $a331.809450929$9$v20 686 $aIT/5430.0$cECONOMIA E SOCIETA ITALIA 1989-2001$2R 686 $aIT/5432.6$cRELAZIONI INDUSTRIALI ITALIA 1989-$2R 686 $aIT/5436.0$cLAVORO SINDACATI DEI LAVORATORI ITALIA 1989-2001$2R 686 $aIT/5436.1$cLEGISLAZIONE E CONTRATTI DI LAVORO ITALIA 1989-2001$2R 686 $aIT/5436.2$cLAVORO FORME CONDIZIONI MERCATO ITALIA 1989-2001$2R 686 $aIT/5436.8$cORGANIZZAZIONI SINDACALI E ALTRE ITALIA 1989-2001$2R 696 $aAssociazioni sindacali$aOrganizzazioni sindacali$aOrganizzazione sindacale 699 $aSindacati$yAssociazioni sindacali 699 $aSindacati$yOrganizzazioni sindacali 699 $aSindacati$zOrganizzazione sindacale 700 1$aArrigo$b, Gianni$3CFIV028043$4070$0120433 701 1$aSettimi$b, Pino$3CFIV072482$4070$0437330 701 1$aScajola$b, Silvano$3TO0V047296$4070$0294815 790 1$aScaiola$b, Silvano$3BVEV049868$zScajola, Silvano 801 3$aIT$bIT-000000$c20160531 850 $aIT-BN0095 $aIT-NA0070 901 $bNAP BU$c5 B $nPropedeutica. Formato cm. 20,1-28. 901 $bNAP 01$cPOZZO LIB.$nVi sono collocati fondi di economia, periodici di ingegneria e scienze, periodici di economia e statistica e altri fondi comprendenti documenti di economia pervenuti in dono. 912 $aBVE0063002 950 0$aBiblioteca Centralizzata di Ateneo$c1 v.$d 01POZZO LIB.ECON MON 1864$e 0101 0000002175E VMA 1 v. (Precedente collocazione: DASES A 41)$fB $h20071011$i20071011 977 $a 01$a BU 996 $aDemocrazia economica$961301 997 $aUNISANNIO